|
|
|
|
| LEADER |
01280nam a22002897a 4500 |
| 001 |
27382 |
| 005 |
20151109020001.0 |
| 008 |
130805t20122007enka b 001 0 eng |
| 010 |
|
|
|a 2007296614
|
| 020 |
|
|
|a 9780521864497 (hbk.)
|
| 020 |
|
|
|a 0521864496 (hbk.)
|
| 040 |
|
|
|a UKM
|c UKM
|d BAKER
|d YDXCP
|d BWKUK
|d IXA
|d DLC
|d BD-DhAAL
|
| 050 |
0 |
0 |
|a QC174.45
|b .S74 2007
|
| 082 |
0 |
4 |
|a 530.143
|2 22
|
| 999 |
|
|
|c 13824
|d 13824
|
| 999 |
|
|
|c 13824
|
| 100 |
1 |
|
|a Srednicki, Mark Allen.
|9 2569
|
| 245 |
1 |
0 |
|a Quantum field theory /
|c Mark Srednicki.
|
| 260 |
|
|
|a Cambridge ;
|a New York :
|b Cambridge University Press,
|c 2007. [7th printing 2012]
|
| 300 |
|
|
|a xxi, 641 p. :
|b ill. ;
|c 26 cm.
|
| 504 |
|
|
|a Includes bibliographical references and index.
|
| 541 |
|
|
|e 27382
|
| 650 |
|
0 |
|a Quantum field theory.
|9 2535
|
| 650 |
|
0 |
|a Quantum field theory
|v Problems, exercises, etc.
|9 2570
|
| 942 |
|
|
|2 ddc
|c BK
|0 1
|
| 952 |
|
|
|0 0
|1 0
|2 ddc
|4 0
|6 530_143000000000000_SRE
|7 0
|9 23130
|a BRACUL
|b BRACUL
|c GEN
|d 2013-08-05
|e Karim International
|g 6200.00
|l 2
|m 14
|o 530.143 SRE
|p 3010027382
|r 2020-01-19
|s 2020-01-14
|t 1
|w 2013-08-05
|y BK
|
| 952 |
|
|
|0 0
|1 0
|2 ddc
|4 0
|6 530_143000000000000_SRE
|7 0
|9 23131
|a BRACUL
|b BRACUL
|c GEN
|d 2013-08-05
|e Karim International
|g 6200.00
|l 4
|m 16
|o 530.143 SRE
|p 3010027383
|r 2026-04-27
|s 2025-12-03
|t 2
|w 2013-08-05
|y BK
|